La ciencia moderna de la persona humana (Record no. 116866)

MARC details
000 -LEADER
campo de control de longitud fija 00636nam a2200181 4500
001 - NÚMERO DE CONTROL
campo de control 116866
003 - IDENTIFICADOR DE NÚMERO DE CONTROL
campo de control ES-MaACL
007 - CAMPO FIJO DE DESCRIPCIÓN FÍSICA--INFORMACIÓN GENERAL
campo de control de longitud fija t|
008 - DATOS DE LONGITUD FIJA--INFORMACIÓN GENERAL
campo de control de longitud fija 061121s1948 ag r ||||1| spa d
100 1# - ENTRADA PRINCIPAL--NOMBRE DE PERSONA
Nombre de persona Pende, Nicola.
9 (RLIN) 90160
245 13 - MENCIÓN DEL TÍTULO
Título La ciencia moderna de la persona humana
Resto del título : biología : psicología /
Mención de responsabilidad, etc. Nicola Pende ; versión castellana de los doctores Donato Boccia, Vicente A. Franco.
250 ## - MENCION DE EDICION
Mención de edición 1ª. ed. en castellano.
260 ## - PUBLICACIÓN, DISTRIBUCIÓN, ETC.
Lugar de publicación, distribución, etc. Buenos Aires :
Nombre del editor, distribuidor, etc. Alfa,
Fecha de publicación, distribución, etc. 1948.
300 ## - DESCRIPCIÓN FÍSICA
Extensión 487 p., 6 lám. :
Otras características físicas il. ;
Dimensiones 23 cm.
700 1# - ENTRADA AGREGADA--NOMBRE PERSONAL
Nombre de persona Boccia, Donato.
9 (RLIN) 29668
700 1# - ENTRADA AGREGADA--NOMBRE PERSONAL
Nombre de persona Franco, Vicente A.
9 (RLIN) 52236
852 ## - LOCALIZACIÓN
Ubicación ES-MaACL
Número de control de estantería E-372
Sublocalización o colección R.28476
Holdings
Estatus retirado Estado de pérdida Estado de daño No para préstamo Biblioteca de origen Biblioteca actual Ubicación en estantería Fecha de adquisición Fuente de adquisición Total de préstamos Signatura topográfica completa Código de barras Visto por última vez Precio de reemplazo Tipo de ítem Koha
        Biblioteca del Ateneo de Madrid Biblioteca del Ateneo de Madrid Depósito 2 17/01/2008     E-372 1121853 23/02/2023 23/02/2023 Libro impreso